00729nam a2200241 a 4500001001300000003000900013005001700022008004100039020002300080082001900103100002000122245003100142260005200173300001100225500003500236505002000271650002200291700002000313902000800333942000700341952012200348999001700470nice12345678IN_TiNIC20260116014940.0080116s1983 bera grp 000 0 eng  a0520043278 c10000a297.12203bKAS aKassis, Hanna E aA Concordance of the Quran aBerkeleybUniversity of California Press c1983 a14444p aincludes index and biblioraphy2 aAppendix, Index aQuran-Concordence1 aKassis, Hanna E bRHR cBK 001040708ReferHall-aHMIbHMId2008-01-16g100.00l0o297.12203 KASp11001942r2008-01-16v100.00w2008-01-16yBK c17673d17673